Loading...
History - European History | 5 | 2 | 2 | 0 | 85 | 27 | 66.29 | 4 | 7 |
History - World History | 4 | 2 | 1 | 1 | 75 | 44 | 68.50 | 2 | 6 |
Fine Arts - Auditory Fine Arts | 2 | 5 | 1 | 0 | 75 | 31 | 81.57 | 7 | 7 |
History - American History | 1 | 6 | 2 | 2 | 65 | 51 | 88.71 | 3 | 7 |
Science - Biology | 1 | 6 | 3 | 2 | 60 | 46 | 100.71 | 4 | 7 |
Social Science | 0 | 5 | 0 | 1 | 50 | 59 | 98.80 | 4 | 5 |
World and Other Literature | 1 | 3 | 0 | 0 | 45 | 45 | 88.50 | 3 | 4 |
Literature - British Literature | 0 | 4 | 0 | 1 | 40 | 89 | 112.00 | 2 | 4 |
Literature - American Literature | 2 | 1 | 0 | 0 | 40 | 37 | 66.67 | 1 | 3 |
Ancient History and Archaeology | 2 | 1 | 1 | 0 | 35 | 47 | 75.33 | 2 | 3 |
Fine Arts - Visual Fine Arts | 1 | 1 | 0 | 0 | 25 | 45 | 72.00 | 2 | 2 |
Literature - European Literature | 2 | 0 | 1 | 0 | 25 | 26 | 55.50 | 1 | 2 |
Other Science: Astronomy | 0 | 2 | 0 | 0 | 20 | 75 | 86.50 | 2 | 2 |
Other Arts: Auditory | 1 | 1 | 1 | 0 | 20 | 72 | 100.50 | 2 | 2 |
Chemistry> | 0 | 2 | 0 | 1 | 20 | 90 | 109.50 | 0 | 2 |
Science - Physics | 1 | 1 | 1 | 0 | 20 | 65 | 78.00 | 2 | 2 |
British and Commonwealth History | 1 | 1 | 1 | 0 | 20 | 36 | 58.00 | 2 | 2 |
Beliefs | 1 | 0 | 0 | 0 | 15 | 79 | 79.00 | 1 | 1 |
Geography | 1 | 1 | 2 | 0 | 15 | 42 | 62.50 | 2 | 2 |
Other Arts: Visual | 0 | 1 | 0 | 0 | 10 | 98 | 98.00 | 1 | 1 |
Other Academic | 0 | 1 | 0 | 0 | 10 | 106 | 106.00 | 1 | 1 |
Other Science: Math | 0 | 1 | 1 | 0 | 5 | 80 | 80.00 | 1 | 1 |
Current Events | 0 | 1 | 1 | 0 | 5 | 116 | 116.00 | 1 | 1 |
Philosophy | 0 | 2 | 3 | 0 | 5 | 76 | 84.00 | 2 | 2 |
Other Science: Earth Science | 0 | 0 | 1 | 0 | -5 | 0.00 | 0 | 0 |